Statistiche per Riconosci l'Anno dagli eventi - Quiz n°364

Clicka qui per fare il quiz!

Statistiche generali

  • Questo quiz è stato fatto 4 volte
  • Il punteggio medio è 10 su 15

Statistiche sulle risposte

IndizioRisposta% Corretto
AAlfred Nobel inventa la dinamite.
100%
I12 agosto: Armistizio di Cormons tra Italia ed Austria.
75%
P12 novembre: l'imperatore asburgico Francesco Giuseppe I fa emanare dal parlamento di Vienna una legge in cui l'elemento italiano (giudicato sovversivo ed inaffidabile) presente nei territori della corona deve essere annichilito e boicottato con ogni mezzo da parte dell'apparato statale dell'impero austro-ungarico.
75%
N21-22 ottobre: tramite plebiscito, è sancita l'unione del Veneto (compreso il Friuli e Mantova) al Regno d'Italia, dopo che era stato ceduto formalmente dalla Francia il 19 ottobre.
75%
E24 giugno – Terza guerra d'indipendenza italiana: vittoria austriaca nella battaglia di Custoza.
75%
O31 ottobre: riapre il teatro La Fenice a Venezia, era chiuso dal 1859 a causa dell'occupazione austriaca.
75%
BBeatificazione di Thomas Abell.
75%
C14 giugno: Inizia la Guerra austro-prussiana.
50%
Anno1866
50%
D20 giugno: l'Italia si allea alla Prussia e dichiara guerra all'Austria, iniziando la Terza guerra d'indipendenza.
50%
G20 luglio – Terza guerra d'indipendenza italiana: vittoria austriaca nella battaglia di Lissa.
50%
H21 luglio – Terza guerra d'indipendenza italiana: nella battaglia di Bezzecca i volontari di Giuseppe Garibaldi fermano il tentativo di sfondamento austriaco.
50%
L23 agosto: Trattato di Praga - Fine della Guerra austro-prussiana.
50%
F3 luglio – Guerra austro-prussiana: vittoria prussiana nella Battaglia di Sadowa.
50%
M3 ottobre: Pace di Vienna tra Italia e Austria.
50%

Distribuzione punteggi

Percentile per numero di risposta

Percentuale di utenti per punteggio

I tuoi punteggi nel tempo

Non hai fatto questo quiz